Official Languages of South Africa - Sudden Death - Statistics

General Stats
  • This quiz has been taken 963 times
  • The average score is 6 of 11
Answers on the Grid
Answers color-coded by a green-red scale on the quiz's grid according to % correct below.
Afar
Afrikaans
Chewa
Dutch
English
French
Khoekhoe
Lingala
Ndebele
Northern Sotho
Portuguese
Romani
Sesotho
Shona
Swahili
Swazi
Tamil
Telugu
Tonga
Tsonga
Tswana
Venda
Xhosa
Zulu
 
Answer Stats
Answer % Correct
Afrikaans
80%
English
75%
Zulu
75%
Xhosa
72%
Swazi
59%
Tswana
56%
Northern Sotho
54%
Sesotho
50%
Tsonga
44%
Ndebele
41%
Venda
28%
No matching quizzes found
Score Distribution
Percent of People with Each Score
Percentile by Number Answered
Your Score History
You have not taken this quiz